Essay on the nobility of the skin, or, The prejudice of white persons against the colour of Africans and their progeny, black and of mixed-blood /

Bibliographic Details
Main Author: Grégoire, Henri, 1750-1831
Format: eBook
Language:English
Published: [France] : [publisher not identified], 1826
Series:Making of the modern world (Goldsmiths'-Kress Library of Economic Literature)
Subjects:
Online Access:Connect to the full text of this electronic book

MARC

Tag First Indicator Second Indicator Subfields
LEADER 00000cam a2200000Ia 4500
001 in00002253321
005 20190326190856.0
006 m | d |
007 cr |n||||||||n
008 880429s1826 fr sb 000 0 eng d
040 |a NYG  |c GKR  |d OCL  |d Thomson Gale  |d UtOrBLW 
041 1 |a eng  |h fre 
100 1 |a Grégoire, Henri,  |d 1750-1831. 
240 1 0 |a De la noblesse de la peau.  |l English 
245 1 0 |a Essay on the nobility of the skin, or, The prejudice of white persons against the colour of Africans and their progeny, black and of mixed-blood /  |c freely translated from the French of M. Grégoire by Charlotte Nooth. 
264 1 |a [France] :  |b [publisher not identified],  |c 1826 
264 3 |a Paris :  |b Setier 
300 |a 83 pages ;  |c 22 cm. 
336 |a text  |b txt  |2 rdacontent 
337 |a computer  |b c  |2 rdamedia 
338 |a online resource  |b cr  |2 rdacarrier 
500 |a Reproduction of original from Goldsmiths' Library, University of London. 
500 |a Goldsmiths'-Kress number 24786. 
504 |a Includes bibliographical references. 
510 4 |a OCLC,  |c 17866465 
533 |a Electronic reproduction.  |b Farmington Hills, Mich. :  |c Thomson Gale,  |d 2005.  |f (The making of the modern world).  |n Available via the World Wide Web.  |n Access limited to licensing agreements.  |7 s2005 miunns 
500 |a Electronic resource. 
650 0 |a Slavery. 
650 0 |a Blacks. 
650 0 |a Human skin color. 
655 0 |a Electronic books. 
740 0 |a Prejudice of white persons against the colour of Africans and their progeny, black and mixed-blood. 
830 0 |a Making of the modern world (Goldsmiths'-Kress Library of Economic Literature) 
856 4 0 |u http://proxy.library.tamu.edu/login?url=http://galenet.galegroup.com/servlet/MOME?af=RN&ae=U104637786&srchtp=a&ste=14&locID=txshracd2898  |z Connect to the full text of this electronic book  |t 0 
999 |a MARS 
999 f f |s 47e59977-7e8b-3b79-aaf8-535e0d45cd3a  |i 5735ea69-560f-34a1-87da-7558bc2b7e11  |t 0 
952 f f |a Texas A&M University  |b College Station  |c Electronic Resources  |d Available Online  |t 0  |h No information provided 
998 f f |t 0  |l Available Online